The Next 100 Years: A Forecast for the 21st Century / (Record no. 592726)
[ view plain ]
| 000 -LEADER | |
|---|---|
| fixed length control field | 01035nam a22001457a 4500 |
| 003 - CONTROL NUMBER IDENTIFIER | |
| control field | NUST |
| 005 - DATE AND TIME OF LATEST TRANSACTION | |
| control field | 20221219094746.0 |
| 008 - FIXED-LENGTH DATA ELEMENTS--GENERAL INFORMATION | |
| fixed length control field | 221219b ||||| |||| 00| 0 eng d |
| 082 ## - DEWEY DECIMAL CLASSIFICATION NUMBER | |
| Classification number | 303.49,FRI |
| 100 ## - MAIN ENTRY--PERSONAL NAME | |
| Personal name | Friedman, George |
| 9 (RLIN) | 7495 |
| 245 ## - TITLE STATEMENT | |
| Title | The Next 100 Years: A Forecast for the 21st Century / |
| Statement of responsibility, etc. | George Friedman |
| 300 ## - PHYSICAL DESCRIPTION | |
| Extent | xxi, 253p. |
| 505 ## - FORMATTED CONTENTS NOTE | |
| Formatted contents note | Overture : An Introduction to the American age (Page-1), The Dawn of the American age (Page-15), Earthquake: The U.S.–Jihadist War (Page-31), Population, Computers, and Culture Wars (Page-50), The New Fault Lines (Page-65), China 2020: Paper Tiger (Page-88), Russia 2020: Rematch (Page-), American Power and the Crisis of 2030 (Page-120), A New World Emerges (Page-136), The 2040s: Prelude to War (Page-153), Preparing for War (Page-174), World War: A Scenario (Page-193), The 2060s: A Golden Decade (Page-212), 2080: The United States, Mexico, and the Struggle for the Global Heartland (Page-223), Epilogue (Page-249). |
| 942 ## - ADDED ENTRY ELEMENTS (KOHA) | |
| Source of classification or shelving scheme | |
| Koha item type | Book |
| Call number prefix | 303.49,FRI |
| Withdrawn status | Lost status | Source of classification or shelving scheme | Damaged status | Not for loan | Permanent Location | Current Location | Shelving location | Date acquired | Total Checkouts | Full call number | Barcode | Date last seen | Date last checked out | Price effective from | Koha item type | Public note |
|---|---|---|---|---|---|---|---|---|---|---|---|---|---|---|---|---|
| Military College of Signals (MCS) | Military College of Signals (MCS) | General Stacks | 12/19/2022 | 1 | 303.49,FRI | MCS37540 | 02/15/2024 | 02/01/2024 | 12/19/2022 | Book | Almirah No.49, Shelf No.2 |
